|
|
|
|
| LEADER |
00000naa2a2200000 4500 |
| 001 |
176055 |
| 005 |
20231031165203.0 |
| 035 |
|
|
|a (RuTPU)RU\TPU\book\190876
|
| 090 |
|
|
|a 176055
|
| 100 |
|
|
|a 20100220d2009 k y0rusy50 ca
|
| 101 |
0 |
|
|a rus
|
| 102 |
|
|
|a RU
|
| 200 |
1 |
|
|a Особенности маркетинговой деятельности холдингов на примере рекламного дайджеста Томска
|f К. Ю. Колотовкина
|
| 320 |
|
|
|a Библиогр.: 2 назв.
|
| 463 |
|
0 |
|0 (RuTPU)RU\TPU\book\186921
|t Т. 2
|v С. 59-61
|d 2009
|p 192 с.
|
| 610 |
1 |
|
|a реклама
|
| 610 |
1 |
|
|a дайджесты
|
| 610 |
1 |
|
|a маркетинг
|
| 610 |
1 |
|
|a холдинги
|
| 610 |
1 |
|
|a Томск
|
| 610 |
1 |
|
|a рынок
|
| 610 |
1 |
|
|a рекламные услуги
|
| 610 |
1 |
|
|a труды учёных ТПУ
|
| 700 |
|
1 |
|a Колотовкина
|b К. Ю.
|
| 801 |
|
1 |
|a RU
|b 63413507
|c 20100220
|
| 942 |
|
|
|c BK
|